000 00847nam a2200217 a 4500
003 0
005 20250314124439.0
008 071127s19uu xx 00 eng d
050 _aPGS HQ 1075.P6
_b.Sh556 2007
100 _aShin, In Mo.
245 _aA study on a gender and social awareness of first year college students on the impeachment procedure /
_cIn Mo Shin.
260 _aLas PiƱas City, Philippines :
_bSouthville International School and Colleges,
_c2007.
300 _a46 pages :
_billustrations ;
_c28 cm.
504 _aIncludes bibliographical references.
650 _aImpeachment
_vStudy and teaching.
650 _aPolitical awareness
_vStudents.
650 _aCollege students
_vPolitical participation.
650 _aGender identity
_vPolitical aspects.
650 _aSocial awareness in youth.
942 _2lcc
_cPASS
999 _c97767
_d97767